书目信息 |
| 题名: |
光电子学基础
|
|
| 作者: | 姜淳 , 吴龟灵 , 孙璐 编著 | |
| 分册: | ||
| 出版信息: | 上海 上海交通大学出版社 2019.9 |
|
| 页数: | 228页 | |
| 开本: | 26cm | |
| 丛书名: | ||
| 单 册: | ||
| 中图分类: | TN201 | |
| 科图分类: | ||
| 主题词: | 光电子学--高等学校--教材 | |
| 电子资源: | ||
| ISBN: | 978-7-313-20916-0 | |
| 000 | 01155nam0 2200265 45 | |
| 001 | 012001001564 | |
| 005 | 20140914110038.0 | |
| 010 | @a978-7-313-20916-0@dCNY58.00 | |
| 100 | @a20191227d2019 em y0chiy50 ea | |
| 101 | 0 | @achi |
| 102 | @aCN@b310000 | |
| 105 | @aa z 001yy | |
| 106 | @ar | |
| 200 | 1 | @a光电子学基础@Aguang dian zi xue ji chu@b专著@f姜淳,吴龟灵,孙璐编著 |
| 210 | @a上海@c上海交通大学出版社@d2019.9 | |
| 215 | @a228页@c图@d26cm | |
| 300 | @a前沿电子信息专业教材系列 | |
| 330 | @a本书分三篇:基础理论篇,系统器件篇和光电子前沿篇。基础理论篇主要讲述波动光学基础、半导体物理基础和激光原理基础。系统器件篇包括九章内容,分别为半导体发光二极管、激光二级管、光放大器原理、光调制器、光探测器和光伏器件、介质波导、光纤和光纤传输的带宽和容量。光电子前沿篇包括光纤激光器、非线性光学基础、光子晶体基础、超材料、变换光学基础。附录给与了数值技术基础和一些用于数值计算的具有代表性的matlab代码。 | |
| 606 | 0 | @a光电子学@x高等学校@j教材 |
| 690 | @aTN201@v5 | |
| 701 | 0 | @a姜淳@Ajiang chun@4编著 |
| 701 | 0 | @a吴龟灵@Awu gui ling@4编著 |
| 701 | 0 | @a孙璐@Asun lu@4编著 |
| 801 | 0 | @aCN@bBJSDL@c20211011 |
| 905 | @b1336314-7@dTN201@e156@f4 | |
| 光电子学基础/姜淳,吴龟灵,孙璐编著.-上海:上海交通大学出版社,2019.9 |
| 228页:图;26cm |
| 前沿电子信息专业教材系列 |
| ISBN 978-7-313-20916-0:CNY58.00 |
| 本书分三篇:基础理论篇,系统器件篇和光电子前沿篇。基础理论篇主要讲述波动光学基础、半导体物理基础和激光原理基础。系统器件篇包括九章内容,分别为半导体发光二极管、激光二级管、光放大器原理、光调制器、光探测器和光伏器件、介质波导、光纤和光纤传输的带宽和容量。光电子前沿篇包括光纤激光器、非线性光学基础、光子晶体基础、超材料、变换光学基础。附录给与了数值技术基础和一些用于数值计算的具有代表性的matlab代码。 |
| ● |
| 相关链接 |
|
|
|
|
正题名:光电子学基础
索取号:TN201/156
 
预约/预借
| 序号 | 登录号 | 条形码 | 馆藏地/架位号 | 状态 | 备注 |
| 1 | 1336314 | 213363144 | 第二样本阅览室/ [索取号:TN201/156] | 在馆 | |
| 2 | 1336315 | 213363153 | 第三借阅区/ [索取号:TN201/156] | 在馆 | |
| 3 | 1336316 | 213363162 | 第三借阅区/ [索取号:TN201/156] | 在馆 | |
| 4 | 1336317 | 213363171 | 第三借阅区/ [索取号:TN201/156] | 在馆 |